Normal view
MARC view
Entry Personal Name
001 - CONTROL NUMBER
- control field: 8082
003 - CONTROL NUMBER IDENTIFIER
- control field: ARRUPE
005 - DATE AND TIME OF LATEST TRANSACTION
- control field: 20140206114656.0
008 - FIXED-LENGTH DATA ELEMENTS
- fixed length control field: 140206|| aca||aabn | a|a d
040 ## - CATALOGING SOURCE
- Original cataloging agency: ARRUPE
- Transcribing agency: ARRUPE
100 ## - HEADING--PERSONAL NAME
- Personal name: Ehrman, Bart D.
670 ## - SOURCE DATA FOUND
- Source citation: Work cat.: (ARRUPE)0: Ehrman, Bart D., The New Testament and other early Christian writings :, 1998.